Music Quiz

Random Music or War Quiz
Score 0/205 Timer 10:00
0 Plays Today
Answer % Correct
and
93.6%
the
93.6%
the
93.6%
and
93.6%
and
93.6%
and
93.6%
the
93.6%
and
93.6%
the
93.6%
the
93.6%
the
93.6%
The
93.6%
the
93.6%
A!
93.6%
A!
93.6%
the
93.6%
a
93.6%
the
93.6%
And
93.6%
the
93.6%
and
93.6%
and
93.6%
a
93.6%
to
87.2%
to
87.2%
to
87.2%
to
87.2%
to
87.2%
to
87.2%
to
87.2%
to
87.2%
to
87.2%
Texas
85.1%
Texas
85.1%
Texas
85.1%
Texas
85.1%
texas
85.1%
Texas
85.1%
Texas
85.1%
texas
85.1%
Texas
85.1%
Good
83%
good
83%
Good
83%
Good
83%
Aggie
80.9%
university
80.9%
university
80.9%
Aggie
80.9%
So
78.7%
So
78.7%
so
78.7%
so
78.7%
white
76.6%
Aggies
76.6%
They
76.6%
are
76.6%
white.
76.6%
Aggies
76.6%
They
76.6%
are
76.6%
are
76.6%
they
76.6%
goodbye
76.6%
are
76.6%
are
76.6%
are
76.6%
old
74.5%
old
74.5%
Answer % Correct
old
74.5%
long
74.5%
orange
74.5%
old
74.5%
of
74.5%
Ol
74.5%
Hullabaloo
70.2%
Hullabaloo
70.2%
fight
70.2%
fight
70.2%
who
70.2%
fight
70.2%
caneck
66%
caneck
66%
ones
66%
well.
66%
eye
66%
dear
63.8%
dear
63.8%
dear
63.8%
dear
63.8%
is
63.8%
song
63.8%
sing
63.8%
hell)
63.8%
luck
61.7%
you
61.7%
luck
61.7%
You
61.7%
you
61.7%
A&M
59.6%
real
59.6%
old
59.6%
old
59.6%
A&M
59.6%
Real
59.6%
bye
59.6%
real
59.6%
old
59.6%
like
59.6%
real
59.6%
A&M
59.6%
Upon
57.4%
(Sounds
57.4%
horns
57.4%
horns
57.4%
horns
57.4%
horns
57.4%
horns
57.4%
horns
57.4%
Eyes
55.3%
Saw
55.3%
off
55.3%
Saw
55.3%
off
55.3%
Saw
55.3%
off
55.3%
off
55.3%
off
55.3%
off.
55.3%
one
55.3%
That
53.2%
show
53.2%
That
53.2%
All
48.9%
We're
48.9%
gonna
48.9%
all
48.9%
Chiggaroogarem
48.9%
Answer % Correct
Chiggaroogarem
48.9%
We're
48.9%
going
48.9%
all
48.9%
Chiggaroogarem
48.9%
Chiggaroogarem
48.9%
were
48.9%
varsity's
46.8%
varsity's
46.8%
varsity's
46.8%
Varsity's
46.8%
Varsity's
46.8%
Varsity's
46.8%
beat
44.7%
beat
44.7%
Short!
44.7%
Short!
44.7%
Tough
42.6%
Stuff
42.6%
A&M
42.6%
tough
42.6%
stuff
42.6%
sawed
42.6%
sawed
42.6%
sawed
42.6%
be
42.6%
Rough
40.4%
Rough
40.4%
for
34%
maroon
31.9%
in
31.9%
in
31.9%
in
31.9%
it
27.7%
Spirit
25.5%
hail
23.4%
let's
23.4%
night
23.4%
us
19.1%
makes
19.1%
us
19.1%
yell
19.1%
yell
19.1%
yell
19.1%
Late
19.1%
shed.
19.1%
over
19.1%
his
19.1%
said
19.1%
hot
19.1%
time
19.1%
Austin
19.1%
Rally
17%
around
17%
t-sips
17%
bed,
17%
Sul
17%
Ross
17%
put
17%
tonight.
17%
lantern
14.9%
kicked
14.9%
winked
14.9%
fills
12.8%
while
12.8%
then
10.6%
'There'll
6.4%
Remove Ads.
Support Sporcle.
Get the best of Sporcle when you Go Orange. This ad-free experience offers more features, more stats, and more fun while also helping to support Sporcle. Thank you for becoming a member.

You're not logged in!

Compare scores with friends on all Sporcle quizzes.
OR
Log In

Show Comments

Extras

Top Quizzes Today


Score Distribution

Your Account Isn't Verified!

In order to create a playlist on Sporcle, you need to verify the email address you used during registration. Go to your Sporcle Settings to finish the process.

Report this User

Report this user for behavior that violates our Community Guidelines.

Details: